Fondamento del diritto naturale secondo i princìpi della dottrina della scienza.
I tiakina i:
| Kaituhi matua: | |
|---|---|
| Ētahi atu kaituhi: | |
| Hōputu: | Pukapuka |
| Reo: | Ingarihi |
| I whakaputaina: |
Roma-Bari, Italia:
Laterza,
1994.
|
| Rangatū: | Biblioteca Universale Laterza (BUL),
416. |
| Ngā marau: | |
| Ngā Tūtohu: |
Tāpirihia he Tūtohu
Kāore He Tūtohu, Me noho koe te mea tuatahi ki te tūtohu i tēnei pūkete!
|
MARC
| LEADER | 00000nam a22000007a 4500 | ||
|---|---|---|---|
| 003 | CL-VaPUC | ||
| 005 | 20220822114439.0 | ||
| 008 | 220322t1994 ||||| |||| 00| 0 eng d | ||
| 999 | |c 435051 |d 435049 | ||
| 020 | |a 88-420-4438-5 | ||
| 040 | |c Pontificia Universidad Católica de Valparaíso | ||
| 082 | |a 340.1 FIC 1994 |2 22 | ||
| 100 | |a Fichte, Johann Gottlieb |9 316864 |e autore | ||
| 245 | |a Fondamento del diritto naturale secondo i princìpi della dottrina della scienza. | ||
| 246 | |a Diritto Naturale. | ||
| 260 | |a Roma-Bari, Italia: |b Laterza, |c 1994. | ||
| 300 | |a XXVIII, 346 páginas. | ||
| 490 | |a Biblioteca Universale Laterza (BUL), |v 416. | ||
| 500 | |a c.1 Donación Familia Prof. Alejandro Guzmán Brito. | ||
| 583 | |c 20220322 |k Yessy Stephany Diaz Vidal | ||
| 650 | |a Filosofía del derecho |9 255050 | ||
| 650 | |a Derecho natural |9 255041 | ||
| 700 | |a Fonnesu, Luca |e a cura |9 867574 | ||
| 942 | |2 ddc |c BK |n 0 | ||
| 952 | |0 0 |1 0 |2 ddc |4 0 |6 340_100000000000000_FIC_1994 |7 0 |8 C_AGB |9 582074 |a BIBDER |b BIBDER |d 2022-03-22 |f Donación |i 5650324 |o 340.1 FIC 1994 |p 5650324 |r 2023-01-25 |t 1 |w 2022-03-22 |y BK_US |k AGB | ||